000 00433nam a22001817a 4500
005 20230110134642.0
008 221217b |||||||| |||| 00| 0 eng d
020 _a978-81-775-8541-4
041 _aeng
082 _a547 FIN-O
100 _aFINAR , I .L
_96449
245 _aORGANIC CHEMISTRY VOL-II
250 _a5th ed.
260 _bPEARSON
_c2022
300 _a956;P.
650 _aPHARMACY
_xB.PHARMA
_97083
942 _cBK
999 _c8078
_d8076